000 00802nam a2200241Ia 4500
001 993
003 GE_BSU
008 181216s||||||||xx |||||||||||||| ||und||
020 _a9785811408283
040 _cGE_BSU
080 _a546(075.8)
245 _aНеорганическая химия .Биогенные и Абиогенные Элементы.
245 _bУчебное пособие для студентов по спец.Зоотехия и Ветеринария.
245 _cПод. ред.В.В.Егорова
260 _aСПБ:
260 _b,,Лань
260 _c2009
300 _a320 с. 90 л.
541 _h90 л.
653 _aБиогенные и Абиогенные Элементы
653 _aНеорганическая Химия;
942 _cBK
999 _c35151
_d35151